000 00444nam a2200181Ia 4500
008 230711s9999||||xx |||||||||||||| ||und||
020 _a978-93-325-1846-9
041 _aENG
082 _a621.3823
_bGO-D
100 _aGonzalez,Rafael C
245 0 _aDigital image processing
250 _a3rd Ed.
260 _c2014
_aNew Delhi
_bPearson
300 _a924p.
650 _aElectronics Engineering
700 _aWoods,Richard E
942 _cBK
999 _c5985
_d5985